Представление документа в формате MARC21

ПолеНазваниеЗначение
  Тип записи a
  Библиографический уровень m
001 Контрольный номер RU\infra-m\znanium\bibl\2234716
005 Дата корректировки 20260429142133.3
008 Кодируемые данные 260120s2025 RU g rus u
020 Индекс ISBN __
a ISBN 978-5-91671-808-9
040 Источник каталогиз. __
a Служба первич. каталог. Общество с ограниченной ответственностью «ЗНАНИУМ»
041 Код языка издания __
a Код языка текста rus
044 Код страны публикации __
a Код страны публикации RU
080 Индекс УДК __
a Индекс УДК 10
080 Индекс УДК __
a Индекс УДК 94
084 Индекс другой классификации/Индекс ББК __
2 Источник индекса rubbk
a Индекс другой классификации/Индекс ББК 873
100 Автор __
a Автор Пильюччи М.
q Полное имя Пильюччи Массимо
245 Заглавие __
a Заглавие Как быть стоиком: Античная философия и современная жизнь
b Продолж. заглавия Научно-популярная литература
250 Сведения об издании __
a Основные сведения об издании 1
260 Выходные данные __
a Место издания Москва
b Издательство ООО "Альпина нон-фикшн"
c Дата издания 2026
300 Физическое описание __
a Объем 280 с.
520 Аннотация __
a Аннотация Быть стоиком в современном мире не сложнее чем в Древней Греции. Для этого надо иметь душевный покой чтобы принимать то что невозможно изменить мужество — чтобы изменить возможное и мудрость — всегда отличать одно от другого. В своей книге «Как быть стоиком» известный американский философ и биолог Массимо Пильюччи предлагает читателю увлекательное путешествие в глубины этой античной философии а в качестве проводника выбирает древнегреческого стоика Эпиктета. Стоицизм — очень современная философия которая учит как принимать верные решения управлять гневом воспринимать критику как относиться к смерти — собственной и своих близких. Но главный вопрос на который отвечает стоицизм — как правильно жить.
521 Примеч. о цел. назн. __
a Примеч. о целев. назн. Дополнительное образование
650 Тематические рубрики __
a Основная рубрика Философия
x Основная подрубрика Основы философии. Отдельные философские науки
655 Указ. предметных рубрик (устаревшее) __
a Жанр/ форма (устаревшее) Научно-популярная литература
856 Электронный адрес документа 4_
a Имя сервера/домена znanium.ru
m Помощь ebs_support@infra-m.ru
n Местонахождение сервера НИЦ ИНФРА-М
u URL https://znanium.ru/catalog/document?id=473337
856 Электронный адрес документа 48
a Имя сервера/домена znanium.ru
d Путь /cover/2234
f Электронное имя 2234716.jpg
q Тип электронного формата image/jpeg
u URL https://znanium.ru/cover/2234/2234716.jpg
911 __
u 0030=https://znanium.ru/catalog/document?id=473337